000 00645nam a2200205 4500
003 OSt
005 20240718152220.0
008 240718b |||||||| |||| 00| 0 eng d
020 _a9780415543453
040 _aDDC
_cMUST
082 _220
_a338.9 DEV 2007
100 _aEdired by Larry Crump and S.Javed Maswood
_918852
245 _aDeveloping Countries and Global Trade Negotiations/
_cEdired by Larry Crump and S.Javed Maswood
260 _aUSA:
_bRoutledge;
_c2007.
300 _axiii,208p.:
_bill,;
_c21.4cm
504 _aIncludes Bibliographical Indexes
600 _2d
650 _aDeveloping countries
_91180
942 _2ddc
_cO_SHELF
999 _c9240
_d9240